| 000 | 00000nas 2200000za 4500 |
| 001 | 9.500581 |
| 003 | CaOODSP |
| 005 | 20220826121658 |
| 007 | cr ||||||||||| |
| 008 | 150406d20102013oncar p o||||f| |0rus|d |
| 022 | |a1923-6921 |
| 040 | |aCaOODSP|beng |
| 041 | |arus |
| 043 | |an-cn--- |
| 086 | 1 |aA71-25Ru-PDF |
| 245 | 00|a[Canada's dairy industry at a glance] |h[electronic resource]. |
| 260 | |aOttawa : |bAgriculture and Agri-Food Canada |
| 310 | |aIrregular |
| 362 | 0 |a2010-2013. |
| 546 | |aText in Russian. |
| 690 | 07|aDairy industry|2gcpds |
| 710 | 1 |aCanada. |bAgriculture and Agri-Food Canada. |
| 775 | 08|tCanada's dairy industry at a glance. |w(CaOODSP)9.506636 |
| 792 | |t[Aperçu de l'industrie laitière canadienne] |efre|w(CaOODSP)9.500582 |